| 000 | 00814nam a22002537a 4500 | ||
|---|---|---|---|
| 999 |
_c3867 _d3867 |
||
| 001 | 19398 | ||
| 003 | BD-DhUAP | ||
| 005 | 20230405125331.0 | ||
| 008 | 200312s2011 enka b 001 0 eng d | ||
| 020 | _a9780340958766 | ||
| 040 |
_aDLC _cDLC _dBD-DhUAP _bEng |
||
| 082 | 0 | 0 |
_223 _a418.0071 COO |
| 100 | 1 | _aCook, Vivian. | |
| 245 | 1 | 0 |
_aSecond language learning and language teaching / _cVivian Cook. |
| 250 | _a4th ed. | ||
| 260 |
_aLondon : _bOxford University Press, _c2011. |
||
| 300 |
_aviii, 306 pages : _billustrations ; _c24 cm. |
||
| 504 | _aIncludes bibliographical references (p. [277]-294) and index. | ||
| 650 | 0 | _aSecond language acquisition. | |
| 650 | 0 |
_aLanguage and languages _xStudy and teaching. |
|
| 942 | 0 | 0 |
_01 _2ddc _cBK |